[Event "King Abdullah II op 3rd"]
[Site "Amman"]
[Date "2009.06.21"]
[Round "5"]
[White "Elsayed, Mohamed Samir"]
[Black "Haddad, Riad"]
[Result "1-0"]
[WhiteElo "2151"]
[BlackElo "1982"]
[PlyCount "62"]
[EventDate "2009.06.18"]
[EventType "swiss"]
[EventRounds "9"]
[EventCountry "JOR"]
[SourceTitle "EXT 2022"]
[Source "ChessBase"]
[SourceDate "2021.10.06"]
[SourceVersion "1"]
[SourceVersionDate "2021.10.06"]
[SourceQuality "1"]

1. d4 Nf6 2. c4 e6 3. Nf3 d5 4. Nc3 c6 5. e3 Nbd7 6. Be2 dxc4 7. Bxc4 b5 8. Bd3 a6 9. Ne4 Bb7 10. Qc2 Nxe4 11. Bxe4 Rc8 12. Bd2 Nf6 13. b4 Nxe4 14. Qxe4 Bd6 15. 0-0 Qe7 16. Qg4 0-0 17. a3 f5 18. Qh5 Rf6 19. Qh4 Qc7 20. Ne5 Bxe5 21. dxe5 Qxe5 22. Rac1 Rh6 23. Qf4 Qd5 24. Rfd1 c5 25. f3 c4 26. Bc3 Qc6 27. Rd6 Qe8 28. Rcd1 e5 29. Bxe5 Rxd6 30. Rxd6 c3 31. Qg3 g6 1-0

[Event "Dubai op"]
[Site "Dubai"]
[Date "2000.05.04"]
[Round "6"]
[White "Gokhale, Chandrashekhar"]
[Black "Elsayed, Mohamed Samir"]
[Result "1-0"]
[WhiteElo "2378"]
[BlackElo "2270"]
[PlyCount "79"]
[EventDate "2000.04.28"]
[EventType "swiss"]
[EventRounds "9"]
[EventCountry "UAE"]
[SourceTitle "EXT 2001"]
[Source "ChessBase"]
[SourceDate "2000.11.22"]
[SourceVersion "1"]
[SourceVersionDate "2000.11.22"]
[SourceQuality "1"]

1. d4 Nf6 2. c4 g6 3. Nc3 Bg7 4. e4 d6 5. Nf3 0-0 6. Be2 e5 7. 0-0 Nc6 8. d5 Ne7 9. b4 a5 10. bxa5 Rxa5 11. a4 c5 12. Nd2 Ne8 13. Nb3 Ra6 14. a5 f5 15. Bf3 h6 16. Re1 Nf6 17. Rb1 g5 18. exf5 Nxf5 19. Ne4 Nh4 20. Bh5 g4 21. Ng3 Nxh5 22. Nxh5 Qe8 23. Nxg7 Kxg7 24. Rb2 Qh5 25. Nd2 Nf3+ 26. gxf3 gxf3 27. Kh1 Bh3 28. Nxf3 Bg4 29. Rg1 Kh8 30. Rxg4 Qxg4 31. Rb3 Rxa5 32. Qd2 Ra1 33. Qxh6+ Kg8 34. Ne1 Qe4+ 35. Ng2 Rf4 36. Qe6+ Kf8 37. Qxd6+ Kg8 38. Qd8+ Kg7 39. Qe7+ Rf7 40. Rg3+ 1-0

[Event "Oz.com qual blitz"]
[Site "ICC INT"]
[Date "2000.03.05"]
[Round "5"]
[White "Elsayed, Mohamed Samir"]
[Black "Hoffman, Alejandro"]
[Result "0-1"]
[WhiteElo "2082"]
[BlackElo "2491"]
[PlyCount "120"]
[EventDate "2000.03.05"]
[EventType "swiss (blitz)"]
[EventRounds "9"]
[EventCountry "USA"]
[SourceTitle "EXT 2001"]
[Source "ChessBase"]
[SourceDate "2000.11.22"]
[SourceVersion "1"]
[SourceVersionDate "2000.11.22"]
[SourceQuality "1"]

1. e4 c5 2. Nf3 g6 3. d4 Bg7 4. dxc5 Qa5+ 5. Bd2 Qxc5 6. Nc3 Nf6 7. Bd3 0-0 8. 0-0 d6 9. h3 a6 10. a4 Qc7 11. Be3 Nbd7 12. a5 Nc5 13. Re1 Bd7 14. Qd2 Rfe8 15. Bh6 Bh8 16. Bg5 Bc6 17. Nd4 Rac8 18. Nxc6 Qxc6 19. Rab1 e6 20. Qf4 Nfd7 21. Ne2 Ne5 22. Qg3 Ncxd3 23. cxd3 Qc2 24. Nf4 Qb3 25. Re3 Bg7 26. Qh4 Nd7 27. Bh6 Bf6 28. Qg3 Bd4 29. Re2 Be5 30. Re3 Qc2 31. Ree1 Qa4 32. Ra1 Qb4 33. Qf3 Rc2 34. h4 Rxb2 35. h5 Qb5 36. Nh3 Rb3 37. Rad1 Bc3 38. Rf1 Qxh5 39. Qxh5 gxh5 40. Rb1 Rxb1 41. Rxb1 Nc5 42. Nf4 Bxa5 43. Nxh5 Bc3 44. Bf4 Rd8 45. g4 h6 46. Bxh6 b5 47. Be3 b4 48. Kf1 Nxd3 49. Ke2 Nc5 50. g5 Nxe4 51. f3 Nc5 52. Rh1 Nd7 53. Ng3 d5 54. f4 b3 55. f5 b2 56. f6 Ne5 57. Bf4 Nc4 58. g6 fxg6 59. Bg5 Rb8 60. Rb1 Na3 0-1

[Event "Oz.com qual blitz"]
[Site "ICC INT"]
[Date "2000.03.05"]
[Round "7"]
[White "Elsayed, Mohamed Samir"]
[Black "Zaremba, Andrie"]
[Result "0-1"]
[WhiteElo "2082"]
[BlackElo "2337"]
[PlyCount "70"]
[EventDate "2000.03.05"]
[EventType "swiss (blitz)"]
[EventRounds "9"]
[EventCountry "USA"]
[SourceTitle "EXT 2001"]
[Source "ChessBase"]
[SourceDate "2000.11.22"]
[SourceVersion "1"]
[SourceVersionDate "2000.11.22"]
[SourceQuality "1"]

1. e4 c5 2. Nf3 d6 3. d4 cxd4 4. c3 dxc3 5. Nxc3 Nc6 6. Bc4 e6 7. 0-0 Be7 8. Qe2 a6 9. Rd1 Bd7 10. Bf4 e5 11. Bg3 Nf6 12. Bh4 Bg4 13. Bxf6 Bxf6 14. Qe3 Nd4 15. Be2 Nc2 16. Qd2 Nxa1 17. Rxa1 0-0 18. Nd5 Be6 19. Bc4 Bxd5 20. Bxd5 Qb6 21. g4 Rac8 22. g5 Be7 23. h4 Kh8 24. Kg2 f5 25. gxf6 Bxf6 26. Ng5 Bxg5 27. hxg5 Qd4 28. Qe2 g6 29. Rd1 Qb6 30. Rd3 Rc5 31. a3 Qd8 32. Qg4 Rc2 33. Rf3 Kg7 34. b4 Rxf3 35. Kxf3 Qf8+ 0-1

[Event "Oz.com qual blitz"]
[Site "ICC INT"]
[Date "2000.03.05"]
[Round "4"]
[White "Lugo, Blas"]
[Black "Elsayed, Mohamed Samir"]
[Result "0-1"]
[WhiteElo "2415"]
[BlackElo "2082"]
[PlyCount "74"]
[EventDate "2000.03.05"]
[EventType "swiss (blitz)"]
[EventRounds "9"]
[EventCountry "USA"]
[SourceTitle "EXT 2001"]
[Source "ChessBase"]
[SourceDate "2000.11.22"]
[SourceVersion "1"]
[SourceVersionDate "2000.11.22"]
[SourceQuality "1"]

1. e4 c5 2. Nf3 Nc6 3. Bb5 g6 4. Bxc6 bxc6 5. 0-0 Bg7 6. c3 e5 7. d4 cxd4 8. cxd4 exd4 9. Nxd4 Ne7 10. Nc3 0-0 11. Bg5 h6 12. Bh4 a6 13. Kh1 c5 14. Nb3 d6 15. Bg3 c4 16. Nc1 Bb7 17. Qxd6 Bxc3 18. bxc3 Bxe4 19. Qf4 Qd5 20. f3 Bd3 21. Nxd3 cxd3 22. Qxh6 Nf5 23. Qf4 Rac8 24. Be1 Rfe8 25. Bd2 Rc4 26. Qg5 Re2 27. Rab1 Rc8 28. Rb6 Qxa2 29. Bf4 d2 30. Bg3 Rxg2 31. Rxg6+ fxg6 32. Qxg6+ Ng7 33. Kxg2 d1Q+ 34. Rf2 Qab1 35. Qxa6 Qh1+ 36. Kh3 Qf5+ 37. Kh4 Qh5# 0-1

[Event "Oz.com qual blitz"]
[Site "ICC INT"]
[Date "2000.03.05"]
[Round "8"]
[White "Pruess, David"]
[Black "Elsayed, Mohamed Samir"]
[Result "1-0"]
[WhiteElo "2228"]
[BlackElo "2082"]
[PlyCount "79"]
[EventDate "2000.03.05"]
[EventType "swiss (blitz)"]
[EventRounds "9"]
[EventCountry "USA"]
[SourceTitle "EXT 2001"]
[Source "ChessBase"]
[SourceDate "2000.11.22"]
[SourceVersion "1"]
[SourceVersionDate "2000.11.22"]
[SourceQuality "1"]

1. e4 c5 2. Nf3 Nc6 3. d4 cxd4 4. Nxd4 Nf6 5. Nc3 e5 6. Ndb5 d6 7. Bg5 a6 8. Na3 b5 9. Nd5 Be7 10. Bxf6 Bxf6 11. c3 Ne7 12. Nxf6+ gxf6 13. Nc2 Bb7 14. Bd3 d5 15. exd5 Nxd5 16. Be4 f5 17. Bxd5 Qxd5 18. Qxd5 Bxd5 19. Ne3 Be6 20. a4 f4 21. Nd1 Rg8 22. g3 bxa4 23. gxf4 Bd5 24. Rf1 Bc4 25. Rh1 Bd5 26. Rf1 Bc4 27. Rh1 exf4 28. Rxa4 Rc8 29. Kd2 Rg6 30. Re1+ Kf8 31. Re4 Rd8+ 32. Rd4 Rxd4+ 33. cxd4 Bb5 34. Ra3 Rg2 35. Rh3 Kg7 36. d5 Bc4 37. Rh5 Kg6 38. Re5 f6 39. d6 Bb5 40. Rxb5 1-0